Statistics for Eurovision (Hosting Cities/Countries by) Presenters

Click here to take the quiz!

General Stats

  • This quiz has been taken 11 times
  • The average score is 15 of 16

Answer Stats

Presentershosting city/country% Correct
Anke Engelke, Judith Rakers, Stefan RaabDüsseldorf, Germany, 2011
100%
Korhan Abay, Meltem CumbulIstanbul, Turkey, 2004
100%
Oleksandr Skichko, Volodymyr Ostapchuk, Timur MiroshnychenkoKiyv, Ukraine, 2017
100%
Sílvia Alberto, Daniela Ruah, Catarina Furtado, Filomena CautelaLisbon, Portugal, 2018
100%
Alsou Abramova, Andrey Malakhov, Ivan Urgant, Natalia VodianovaMoscow, Russia, 2009
100%
Erez Tal, Bar Refaeli, Assi Azar, Lucy AyoubTel Aviv, Israel, 2019
100%
Mirjam Weichselbraun, Alice Tumler, Arabella Kiesbauer, Conchita WurstVienna, Austria, 2015
100%
Maria Menounos, Sakis RouvasAthens, Greece, 2006
90%
Lise Rønne, Nikolaj Koppel, Pilou AsbækCopenhagen, Denmark, 2014
90%
Jaana Pelkonen, Mikko LeppilampiHelsinki, Finland, 2007
90%
Leyla Aliyeva, Eldar Gasimov, Nargiz Birk-PetersenBaku, Azerbaijan, 2012
80%
Jovana Janković, Željko JoksimovićBelgrade, Serbia, 2008
80%
Erik Solbakken, Haddy N'jie, Nadia HasnaouiOslo, Norway, 2010
80%
Marie N, Renārs KaupersRiga, Latvia, 2003
80%
Petra Mede, Måns ZelmerlöwStockholm, Sweden, 2016
80%
Annely Peebo, Marko MatvereTallinn, Estonia, 2002
80%

Score Distribution

Percentile by Number Answered

Percent of People with Each Score

Your Score History

You have not taken this quiz